LEADER 01020nam0-22003251i-450- 001 990001015160403321 010 $a3-540-08442-8 035 $a000101516 035 $aFED01000101516 035 $a(Aleph)000101516FED01 035 $a000101516 100 $a20000920d1977----km-y0itay50------ba 101 0 $aeng 200 1 $aFundamentals in Computation Theory$eProceedings of the 1977 International FCT-Conference, Poznan-Kornik, Poland September 19-23, 1977$fEdited by Marek Karpinski 210 $aBerlin [etc.]$cSpringer-Verlag$d1977 225 1 $aLecture notes in computer science$v56 610 0 $aCibernetica 610 0 $aTeoria dei giochi 610 0 $aTeoria degli automi 610 0 $aIntelligenza artificiale 676 $a510.78 700 1$aKarpinski,$bMarek$048135 801 0$aIT$bUNINA$gRICA$2UNIMARC 901 $aBK 912 $a990001015160403321 952 $a8-149$b11019$fFI1 959 $aFI1 996 $aFundamentals in Computation Theory$9355412 997 $aUNINA DB $aING01 LEADER 00959nam a2200253|i 4500 001 991003660009707536 005 20021219124632.0 008 020916s|||| it u u itauu 035 $ab11844863-39ule_inst 035 $aLE02737598$9ExL 040 $aDip.to Studi Giuridici$bita 082 0 $a350.000285 100 1 $aLosano, Mario G.$03124 245 10$aStato e automazione /$cMario G. Losano 260 0 $aMilano :$bETAS Kompass libri,$c1974 300 $a245 p. :$bill. ;$c21 cm. 490 0 $aNuovi Saggi [ETAS] ;$v16 650 4$aElaboratori elettronici$xImpiego nell'amministrazione pubblica - Giappone 907 $a.b11844863$b27-04-17$c20-12-02 912 $a991003660009707536 945 $aLE027 350.00 LOS01.01$g1$i2027000031986$lle027$nDono prof. Michele Carducci$o-$pE0.00$q-$rl$s- $t0$u2$v0$w2$x0$y.i12096945$z20-12-02 996 $aStato e automazione$9616263 997 $aUNISALENTO 998 $ale027$b01-01-02$cm$da $e-$fita$git $h0$i1